Bozk mamičke

Bibliographic Details
Format: Photo
Language:Slovak
PhysicalDescription:1 pohľadnica čiernobiela 11x15 cm
Published: Úľany nad Žitavou Milan Špilberger [2002]
Subjects:

MARC

LEADER 00000nkm a2200000 a 4500
001 vtls001436470
003 SK-MaSNL
005 20260301013429.0
007 kf bo
008 231206s2002 xo b 0k slo
015 |a SNBG2003/03-01366 
035 |a SNK000391570 
035 |a urn:nbn:sk:snk-km003s0e 
035 |a FFEFE73D-1F80-4C29-B75F-5FABD07D88DB 
035 |a urn:nbn:sk:snk-kmtg8x 
040 |a SNK  |b slo  |c SNK  |e AACR2 
041 0 |a slo 
044 |a xo  |c SK 
080 |a 394.268.22  |2 1981 
080 |a (089.7)  |2 1981 
245 0 0 |a Bozk mamičke  |h grafika 
260 |a Úľany nad Žitavou  |b Milan Špilberger  |c [2002] 
300 |a 1 pohľadnica  |b čiernobiela  |c 11x15 cm 
650 0 7 |a pozdravy matkám  |2 SNKPH  |9 300141 
655 7 |a pohľadnice umeleckých diel  |2 SNKPH  |9 81593 
655 7 |a príležitostné pohľadnice  |2 SNKPH  |9 70549 
852 |a Slovenská národná knižnica 
958 |a GC 
958 |a GBN 
958 |a OND 
999 |c 556049  |d 557979 
952 |t P60, <03>, [BOOK], {603}  |a SNK  |b SNK  |y PREZ  |7 0  |p 17A0389146  |o snkSP 151177  |i snkPV 457/2002  |0 0  |1 0  |4 0  |d 2002-06-18  |f 1  |l 0  |r 2005-01-02 00:00:00  |w 2026-02-23